| 000 | 00391nam a22001217a 4500 | ||
|---|---|---|---|
| 082 |
_a624.068 _bHAR _cD |
||
| 100 |
_aHarral, Clell G _937160 |
||
| 245 |
_aImproving equipment management in highway authorities in developing countries _cEaton, James W |
||
| 260 |
_aWashington,; _bworld bank, _c1986. |
||
| 300 |
_a72p.: _c28cm. |
||
| 526 |
_a0 _b0 _c0 _d624_068000000000000_HAR |
||
| 942 |
_2ddc _cBK |
||
| 999 |
_c542065 _d542065 |
||